La ciencia en el tercer milenio (Record no. 11904)

MARC details
000 -LEADER
campo de control de longitud fija 00965nam a22002655i 4500
001 - NÚMERO DE CONTROL
campo de control 11904
003 - IDENTIFICADOR DE NÚMERO DE CONTROL
campo de control ES-MaACL
005 - FECHA Y HORA DE LA ÚLTIMA TRANSACCIÓN
campo de control 20250302202838.0
007 - CAMPO FIJO DE DESCRIPCIÓN FÍSICA--INFORMACIÓN GENERAL
campo de control de longitud fija t|
008 - DATOS DE LONGITUD FIJA--INFORMACIÓN GENERAL
campo de control de longitud fija 950908s1994 sp ||||0| spa j
020 ## - NÚMERO INTERNACIONAL ESTÁNDAR DEL LIBRO
Número Internacional Estándar del Libro 84-481-1831-6
040 ## - FUENTE DE CATALOGACIÓN
Centro catalogador/agencia de origen M-BN
Lengua de catalogación spa
Centro/agencia transcriptor M-BN
080 ## - NÚMERO DE LA CLASIFICACIÓN DECIMAL UNIVERSAL
Número de la Clasificación Decimal Universal 001"19"
100 1# - ENTRADA PRINCIPAL--NOMBRE DE PERSONA
Nombre de persona Calvo Hernando, Manuel.
9 (RLIN) 33886
245 13 - MENCIÓN DEL TÍTULO
Título La ciencia en el tercer milenio
Resto del título : desafíos, direcciones y tendencias /
Mención de responsabilidad, etc. Manuel Calvo Hernando ; prólogo de Federico Mayor Zaragoza.
260 ## - PUBLICACIÓN, DISTRIBUCIÓN, ETC.
Lugar de publicación, distribución, etc. Madrid :
Nombre del editor, distribuidor, etc. McGraw-Hill, Interamericana de España,
Fecha de publicación, distribución, etc. D.L. 1994.
300 ## - DESCRIPCIÓN FÍSICA
Extensión XIII, 253 p :
Otras características físicas il ;
Dimensiones 21 cm.
490 1# - MENCIÓN DE SERIE
Mención de serie Serie McGraw-Hill de divulgación científica
504 ## - NOTA DE BIBLIOGRAFÍA, ETC.
Nota de bibliografía, etc. Bibliografía: p. 248-253.
650 14 - PUNTO DE ACCESO ADICIONAL DE MATERIA--TÉRMINO DE MATERIA
Término de materia o nombre geográfico como elemento de entrada Ciencia-
Subdivisión cronológica S.XX.
9 (RLIN) 10964
700 1# - ENTRADA AGREGADA--NOMBRE PERSONAL
Nombre de persona Mayor Zaragoza, Federico,
Fechas asociadas al nombre 1934-2024
9 (RLIN) 79415
830 0# - PUNTO DE ACCESO ADICIONAL DE SERIE-TÍTULO UNIFORME
Título uniforme Serie McGraw-Hill de divulgación científica
9 (RLIN) 178515
852 ## - LOCALIZACIÓN
Ubicación ES-MaACL
Número de control de estantería L-19165
Sublocalización o colección R.123723
Holdings
Estatus retirado Estado de pérdida Estado de daño No para préstamo Biblioteca de origen Biblioteca actual Ubicación en estantería Fecha de adquisición Fuente de adquisición Total de préstamos Signatura topográfica completa Código de barras Visto por última vez Precio de reemplazo Tipo de ítem Koha
        Biblioteca del Ateneo de Madrid Biblioteca del Ateneo de Madrid Depósito 2 17/01/2008     L-19165 1012131 23/02/2023 23/02/2023 Libro impreso